Co to za logo? #5 - Statystyki

Ogólne statystyki
  • Ten quiz został rozwiązany 9 188 razy
  • Średni wynik to 11 z 20
Statystyki odpowiedzi
Obrazkowy Odpowiedź % Poprawnych
Nike
100%
Android
92%
PlayStation
92%
Skype
91%
Domino's
87%
New Balance
87%
Pampers
83%
Yahoo
79%
Umbro
73%
Michelin
70%
Safari
64%
Rolex
63%
Dunkin' Donuts
43%
Under Armour
41%
iTunes
27%
Mr. Clean
22%
Kraft
7%
Qantas
6%
Klondike
3%
Tostitos
3%
Nie znaleziono quizów pasujących do podanych kryteriów
Rozkład punktacji
Procent ludzi z każdym wynikiem
Percentyl według liczby udzielonych odpowiedzi
Twoja historia wyników
Nie rozwiązałeś tego quizu